Lo que Einstein le contó a su barbero: más respuestas científicas a lo incomprensible de la vida cotidiana, desde la fisica de la nieve hasta la química del café y la matemática del bronceador
שמור ב:
| מחבר ראשי: | |
|---|---|
| פורמט: | ספר |
| שפה: | ספרדית |
| יצא לאור: |
Barcelona
Robinbook
2003
|
| סדרה: | Ciencia
|
| נושאים: | |
| תגים: |
הוספת תג
אין תגיות, היה/י הראשונ/ה לתייג את הרשומה!
|
MARC
| LEADER | 00000nam a2200000 a 4500 | ||
|---|---|---|---|
| 001 | UCI0841 | ||
| 003 | CL-VaPUC | ||
| 008 | 070601e20030000SP |||||||||||||||||spa|d | ||
| 020 | |a 8495601532 | ||
| 082 | 0 | 4 | |a 501 |b WOL |2 21 |
| 100 | 0 | |a Wolke, Robert L |e author |9 520981 | |
| 245 | 1 | 0 | |a Lo que Einstein le contó a su barbero: más respuestas científicas a lo incomprensible de la vida cotidiana, desde la fisica de la nieve hasta la química del café y la matemática del bronceador |
| 300 | |a 254 p | ||
| 942 | |c BK | ||
| 945 | |d 20070601 00:00:00 |a jtorresc | ||
| 260 | |a Barcelona |b Robinbook |c 2003 | ||
| 650 | 0 | |a Ciencia |9 255691 | |
| 650 | 7 | |a MICELANIAS |2 CL-VaPUC |9 520982 | |
| 583 | |a last modification |c 20140404 10:46:25 |k Rodrigo Vera | ||
| 490 | 0 | |a Ciencia | |
| 999 | |c 325817 |d 325815 | ||
| 952 | |0 0 |1 0 |4 0 |6 501_000000000000000_WOL_2003 |7 0 |8 A |9 407169 |a BIBCUR |b BIBCUR |d 2019-11-22 |i 4309057 |o 501 WOL 2003 |p 4309057 |r 2025-04-22 |w 2019-11-22 |y BK |k FIS | ||